|
|
|
|
| LEADER |
00000nam a22000007a 4500 |
| 005 |
20160704112732.0 |
| 007 |
cr|||| || |
| 008 |
160704t2016 mx ||||| |||| 00||0 spa d |
| 020 |
|
|
|a 978-607-406-813-9
|
| 035 |
|
|
|a 14338
|
| 040 |
|
|
|a vLex
|
| 090 |
|
|
|c 6221
|d 6221
|
| 100 |
1 |
|
|a Feregrino Paredes, Baltazar
|
| 245 |
1 |
0 |
|a Diccionario de Třminos Fiscales ISR, CFF, IVA y otras disposiciones fiscales 2016
|h [Recurso electrn̤ico] /
|c Baltazar Feregrino Paredes
|
| 256 |
|
|
|a Servicio en ln̕ea
|
| 260 |
|
|
|a Mexico
|b Ediciones Fiscales ISEF
|c 2016
|
| 300 |
|
|
|a 1 recurso electrn̤ico
|
| 500 |
|
|
|a Este diccionario muestra al estudiante y al profesionista en el r̀ea de impuestos, el concepto de cada palabra que el autor interpreta de acuerdo a su experiencia dentro de la aplicacin̤ de los impuestos, contenidos en la LISR, el CFF, la LIVA y otras disposiciones fiscales.
|
| 506 |
1 |
|
|a Contenido solo disponible en los productos indicados
|d vLex Global
|d vLex Global (Academic Edition, excluding Law Schools)
|d vLex Global (U.S. Academic Edition, Law Schools)
|d vLex Global (U.S. Academic Edition, excluding Law Schools)
|d vLex Global (Academic Edition, Law Schools)
|
| 650 |
0 |
4 |
|a Encyclopedias and dictionaries
|b Mexico
|
| 740 |
0 |
|
|a vLex libros (servicio en ln̕ea)
|
| 856 |
4 |
0 |
|u http://vlex.com/source/diccionario-de-terminos-fiscales-isr-cff-iva-y-otras-disposiciones-fiscales-2016-14338
|z Acceso restringido
|
| 942 |
|
|
|c BOOK
|